[Event "Pocos de Caldas op"]
[Site "Pocos de Caldas"]
[Date "2022.03.13"]
[Round "6"]
[White "Alves, Sidney David"]
[Black "Vianna, Tulio Lima"]
[Result "1-0"]
[WhiteElo "1436"]
[BlackElo "1827"]
[PlyCount "111"]
[EventDate "2022.03.11"]
[EventType "swiss"]
[EventRounds "6"]
[EventCountry "BRA"]
[SourceTitle "EXT 2023"]
[Source "ChessBase"]
[SourceDate "2022.10.05"]
[SourceVersion "1"]
[SourceVersionDate "2022.10.05"]
[SourceQuality "1"]

1. Nf3 Nf6 2. b3 Nc6 3. Bb2 d6 4. d4 d5 5. e3 Bg4 6. Be2 e6 7. 0-0 Bd6 8. c4 0-0 9. cxd5 Nxd5 10. Nbd2 f5 11. Nc4 f4 12. Nxd6 Qxd6 13. e4 Nde7 14. a3 Rad8 15. d5 exd5 16. exd5 Nxd5 17. Bc4 Kh8 18. Re1 Nb6 19. Qxd6 Rxd6 20. Be2 Rfd8 21. Be5 Nxe5 22. Nxe5 Be6 23. Bf3 c6 24. h3 Kg8 25. Rab1 Bd5 26. Bg4 g6 27. Bf3 Bxf3 28. Nxf3 Nd5 29. Rbc1 h6 30. Nd4 Kf7 31. Nf3 Re6 32. Red1 Rde8 33. Nd4 Re4 34. b4 R8e7 35. Nb3 Nb6 36. Nc5 g5 37. Nxe4 Rxe4 38. Re1 Rd4 39. Red1 Re4 40. f3 Re3 41. Ra1 Ke6 42. Rd8 Ke7 43. Rb8 Re2 44. Rxb7+ Kd6 45. Rd1+ Nd5 46. Rxa7 Ke6 47. Rh7 Ne3 48. Rxh6+ Kf5 49. Rd8 Rxg2+ 50. Kh1 Rf2 51. Rdd6 Nf1 52. Rxc6 Ng3+ 53. Kg1 Rf1+ 54. Kg2 Ke5 55. Rc5+ Kd4 56. Rd6+ 1-0

[Event "Sao Paulo Livraria 5th"]
[Site "Sao Paulo"]
[Date "2015.05.07"]
[Round "5.2"]
[White "Alves, Sidney David"]
[Black "De Mello, Rodrigo"]
[Result "0-1"]
[WhiteElo "1495"]
[BlackElo "1821"]
[PlyCount "122"]
[EventDate "2015.05.05"]
[EventType "tourn"]
[EventRounds "11"]
[EventCountry "BRA"]
[SourceTitle "EXT 2022"]
[Source "ChessBase"]
[SourceDate "2021.10.06"]
[SourceVersion "1"]
[SourceVersionDate "2021.10.06"]
[SourceQuality "1"]

1. d4 d5 2. Nf3 Nf6 3. c4 c6 4. Qc2 Bg4 5. Nbd2 e6 6. Qb3 Qb6 7. g3 Nbd7 8. Bg2 Be7 9. 0-0 0-0 10. Re1 Qxb3 11. axb3 Bb4 12. Rd1 Bf5 13. Ne1 Rfe8 14. Ndf3 h6 15. Bf4 b6 16. Nd3 Be7 17. Nfe5 Bxd3 18. Rxd3 Nxe5 19. Bxe5 a5 20. Bc7 Bd8 21. Bd6 Be7 22. Bc7 Nd7 23. e4 Rac8 24. Bf4 Nf6 25. exd5 cxd5 26. Rc1 Bb4 27. Bd2 Rc7 28. Bxb4 axb4 29. Rd2 Rec8 30. Rdc2 Kf8 31. Kf1 Ke7 32. Ke2 Kd6 33. Kd3 Nd7 34. f4 Ra7 35. Bf3 Ra5 36. h4 Rg8 37. g4 Rc8 38. Bd1 Nf6 39. Bf3 Nd7 40. Rg2 g6 41. g5 hxg5 42. hxg5 Rh8 43. Rgg1 Rh3 44. Rgf1 Ra2 45. Rc2 Nb8 46. Kd2 Nc6 47. Ke3 Na5 48. Rh1 Rxh1 49. Bxh1 Nxb3 50. Bf3 Ra8 51. Be2 Rc8 52. Bd3 Na5 53. c5+ bxc5 54. dxc5+ Rxc5 55. Rxc5 Kxc5 56. Ba6 Nc4+ 57. Bxc4 dxc4 58. Ke4 c3 59. bxc3 bxc3 60. Kd3 c2 61. Kxc2 Kd4 0-1

[Event "BRA-ch Amateur"]
[Site "Sao Paulo"]
[Date "2015.04.03"]
[Round "7"]
[White "Alves, Sidney David"]
[Black "Pimenta, Breno Andrade"]
[Result "0-1"]
[WhiteElo "1495"]
[BlackElo "1686"]
[PlyCount "84"]
[EventDate "2015.04.30"]
[EventType "swiss"]
[EventRounds "7"]
[EventCountry "BRA"]
[SourceTitle "EXT 2022"]
[Source "ChessBase"]
[SourceDate "2021.10.06"]
[SourceVersion "1"]
[SourceVersionDate "2021.10.06"]
[SourceQuality "1"]

1. d4 d6 2. c4 Nf6 3. Nf3 g6 4. Nc3 Bg7 5. e4 0-0 6. h3 c5 7. d5 e6 8. Be3 exd5 9. cxd5 Re8 10. Nd2 a6 11. a4 Nbd7 12. Bd3 b6 13. 0-0 Bb7 14. Nc4 Ne5 15. Na3 Nxd3 16. Qxd3 Nd7 17. Bf4 Ne5 18. Qd1 Qc7 19. Re1 Re7 20. Bg3 c4 21. Re2 Nd3 22. Qd2 Rd8 23. Kh2 Qc5 24. Bh4 f6 25. Bg3 Rde8 26. Rb1 f5 27. f3 Bxc3 28. Qxc3 Bxd5 29. b4 Qc7 30. b5 a5 31. Bh4 Re6 32. Bf6 fxe4 33. f4 Qf7 34. Bg5 Qg7 35. Qd2 e3 36. Qd1 h6 37. Bh4 Nxf4 38. Rc2 e2 39. Qd2 Qe5 40. Bg3 Qe4 41. Rg1 g5 42. Nxc4 Bxc4 0-1

[Event "Sao Paulo Salles Cup 3rd"]
[Site "Sao Paulo"]
[Date "2015.03.22"]
[Round "5"]
[White "Alves, Sidney David"]
[Black "Ribeiro, Marcos Willian de S"]
[Result "0-1"]
[WhiteElo "1507"]
[BlackElo "1985"]
[PlyCount "98"]
[EventDate "2015.03.20"]
[EventType "swiss"]
[EventRounds "6"]
[EventCountry "BRA"]
[SourceTitle "CBM 165 Extra"]
[Source "ChessBase"]
[SourceDate "2015.04.21"]
[SourceVersion "1"]
[SourceVersionDate "2015.04.21"]
[SourceQuality "1"]

1. d4 f5 2. c4 Nf6 3. g3 g6 4. Bg2 Bg7 5. Nf3 d6 6. 0-0 0-0 7. Nc3 c6 8. b3 Na6 9. Bb2 Qe8 10. d5 e5 11. Rb1 Qe7 12. Re1 Bd7 13. Qd2 Rae8 14. e3 c5 15. Ng5 Nc7 16. Ne6 Bxe6 17. dxe6 e4 18. Nd5 Nfxd5 19. cxd5 Bxb2 20. Rxb2 Qf6 21. Rc2 a6 22. Rd1 b5 23. a4 Rb8 24. Bf1 Rb6 25. Qa5 Rfb8 26. axb5 axb5 27. Qc3 Qxc3 28. Rxc3 Ra8 29. Be2 Ra2 30. Kf1 Rba6 31. Rcc1 Rb2 32. Ra1 Rba2 33. Rab1 Kg7 34. h4 Kf6 35. h5 Ke5 36. hxg6 hxg6 37. f4+ exf3 38. Bxf3 R6a3 39. Be2 Nxd5 40. Rxd5+ Kxd5 41. e7 Ra8 42. Bf3+ Ke6 43. Bxa8 Rxa8 44. Kf2 Kxe7 45. Rh1 Ra2+ 46. Kf3 Rb2 47. Rh7+ Ke6 48. Kf4 Kf6 49. Rd7 Rf2# 0-1

[Event "Sao Paulo Braga Memorial 3rd"]
[Site "Sao Paulo"]
[Date "2014.12.13"]
[Round "3"]
[White "Alves, Sidney David"]
[Black "Desideri, Ricardo Maruchi"]
[Result "0-1"]
[WhiteElo "1501"]
[BlackElo "1954"]
[PlyCount "46"]
[EventDate "2014.12.12"]
[EventType "swiss"]
[EventRounds "6"]
[EventCountry "BRA"]
[SourceTitle "EXT 2016"]
[Source "ChessBase"]
[SourceDate "2015.10.08"]
[SourceVersion "1"]
[SourceVersionDate "2015.10.08"]
[SourceQuality "1"]

1. d4 Nf6 2. c4 c5 3. d5 e6 4. Nc3 exd5 5. cxd5 d6 6. g3 g6 7. Bg2 Bg7 8. Nf3 0-0 9. 0-0 Re8 10. Nd2 Na6 11. a3 Rb8 12. a4 Nc7 13. Nc4 b6 14. h3 Ba6 15. b3 Ncxd5 16. Bb2 Nxc3 17. Bxc3 d5 18. Bxd5 Qxd5 19. Qxd5 Nxd5 20. Bxg7 Kxg7 21. e3 Nc3 22. Rfe1 Bxc4 23. bxc4 Re4 0-1

[Event "Brasilia Terraviva op"]
[Site "Brasilia"]
[Date "2014.09.21"]
[Round "6"]
[White "Labussiere, Victor"]
[Black "Alves, Sidney David"]
[Result "1-0"]
[WhiteElo "1800"]
[BlackElo "1515"]
[PlyCount "87"]
[EventDate "2014.09.19"]
[EventType "swiss"]
[EventRounds "6"]
[EventCountry "BRA"]
[SourceTitle "CBM 162 Extra"]
[Source "ChessBase"]
[SourceDate "2014.10.17"]
[SourceVersion "1"]
[SourceVersionDate "2014.10.17"]
[SourceQuality "1"]

1. d4 Nf6 2. c4 g6 3. Nc3 d5 4. cxd5 Nxd5 5. e4 Nxc3 6. bxc3 Bg7 7. Be3 c5 8. Ne2 Nc6 9. g3 0-0 10. Bg2 Bg4 11. f3 cxd4 12. cxd4 Bc8 13. 0-0 a5 14. Rc1 a4 15. d5 Ne5 16. Bd4 b5 17. f4 Nc4 18. Rc3 Bg4 19. Bxg7 Bxe2 20. Qxe2 Kxg7 21. Rd1 Qb6+ 22. Qf2 Qxf2+ 23. Kxf2 Rfd8 24. Bf1 Rac8 25. Bxc4 bxc4 26. Rdc1 e6 27. Rxc4 Rxc4 28. Rxc4 exd5 29. exd5 Rxd5 30. Ke3 a3 31. Rd4 Ra5 32. Kd3 f5 33. Kc3 Ra7 34. Kb3 Kf7 35. Ra4 Rxa4 36. Kxa4 Ke6 37. Kxa3 Kd7 38. Kb4 Kc6 39. a4 Kb6 40. Kc4 Kc6 41. Kd4 Kd6 42. a5 Kd7 43. Ke5 Kc6 44. Ke6 1-0

[Event "Brasilia Terraviva op"]
[Site "Brasilia"]
[Date "2014.09.20"]
[Round "3"]
[White "Alves, Sidney David"]
[Black "Taira, Erick Hideki"]
[Result "1/2-1/2"]
[WhiteElo "1515"]
[BlackElo "1773"]
[PlyCount "52"]
[EventDate "2014.09.19"]
[EventType "swiss"]
[EventRounds "6"]
[EventCountry "BRA"]
[SourceTitle "CBM 162 Extra"]
[Source "ChessBase"]
[SourceDate "2014.10.17"]
[SourceVersion "1"]
[SourceVersionDate "2014.10.17"]
[SourceQuality "1"]

1. d4 d5 2. Nf3 e6 3. c4 c6 4. Qc2 Nf6 5. g3 Nbd7 6. Bg2 Bb4+ 7. Bd2 Bxd2+ 8. Nbxd2 0-0 9. 0-0 Re8 10. e4 e5 11. dxe5 Nxe5 12. Nxe5 Rxe5 13. Nf3 Re7 14. e5 Ng4 15. Rfe1 Qe8 16. Ng5 g6 17. f4 d4 18. Nf3 c5 19. Bf1 Ne3 20. Qb3 Nxf1 21. Rxf1 b6 22. Nd2 Bb7 23. Rfe1 Qc6 24. Ne4 f5 25. Nf6+ Kf7 26. Nd5 Re6 1/2-1/2

[Event "Brasilia Terraviva op"]
[Site "Brasilia"]
[Date "2014.09.20"]
[Round "4"]
[White "Cerqueira, Francisco de Assis "]
[Black "Alves, Sidney David"]
[Result "1-0"]
[WhiteElo "1800"]
[BlackElo "1515"]
[PlyCount "79"]
[EventDate "2014.09.19"]
[EventType "swiss"]
[EventRounds "6"]
[EventCountry "BRA"]
[SourceTitle "CBM 162 Extra"]
[Source "ChessBase"]
[SourceDate "2014.10.17"]
[SourceVersion "1"]
[SourceVersionDate "2014.10.17"]
[SourceQuality "1"]

1. d4 Nf6 2. Nf3 g6 3. g3 Bg7 4. Bg2 c6 5. 0-0 0-0 6. c3 d5 7. Na3 Nbd7 8. c4 c5 9. e3 Re8 10. Bd2 e5 11. dxe5 Nxe5 12. Bc3 Nxf3+ 13. Bxf3 Be6 14. cxd5 Bxd5 15. Bxd5 Nxd5 16. Bxg7 Kxg7 17. Qc2 Qb6 18. Nc4 Qc7 19. e4 Nb4 20. Qc3+ Kg8 21. e5 Nc6 22. Rae1 Nd4 23. f4 Nb5 24. Qd3 Rad8 25. Nd6 Qd7 26. Qxb5 Qxb5 27. Nxb5 Rd2 28. Nd6 Re7 29. Rb1 Rc2 30. Rfd1 a6 31. Rdc1 Rxc1+ 32. Rxc1 Rc7 33. b4 b6 34. bxc5 bxc5 35. Kf2 Kf8 36. Kf3 Ke7 37. Ke4 Ke6 38. g4 f5+ 39. gxf5+ gxf5+ 40. Nxf5 1-0

[Event "Joao Pessoa-ch"]
[Site "Joao Pessoa"]
[Date "2014.08.01"]
[Round "1"]
[White "Alves, Sidney David"]
[Black "De Oliveira, Jefferson Pereira"]
[Result "0-1"]
[WhiteElo "1506"]
[BlackElo "1985"]
[PlyCount "76"]
[EventDate "2014.08.01"]
[EventType "swiss"]
[EventRounds "6"]
[EventCountry "BRA"]
[SourceTitle "CBM 161 Extra"]
[Source "ChessBase"]
[SourceDate "2014.08.29"]
[SourceVersion "1"]
[SourceVersionDate "2014.08.29"]
[SourceQuality "1"]

1. d4 Nf6 2. c4 e6 3. g3 d5 4. Bg2 Be7 5. Nf3 0-0 6. 0-0 Ne4 7. Qc2 f5 8. Nbd2 Nd7 9. Nxe4 fxe4 10. Ne1 Bf6 11. e3 c6 12. f3 e5 13. fxe4 dxc4 14. Qxc4+ Kh8 15. Nc2 Nb6 16. Qb4 Be6 17. b3 Rc8 18. Bb2 exd4 19. exd4 c5 20. Qd2 cxd4 21. Nxd4 Bg8 22. Rad1 Qe7 23. Nf5 Qc5+ 24. Bd4 Bxd4+ 25. Qxd4 Qxd4+ 26. Rxd4 Rc2 27. Rf2 Rxf2 28. Kxf2 g6 29. g4 h5 30. h3 hxg4 31. hxg4 gxf5 32. gxf5 Kg7 33. Ke3 Rc8 34. Kd3 Kf6 35. Rd6+ Ke5 36. Rh6 Rc7 37. Rg6 Bf7 38. Rg7 Bc4+ 0-1

[Event "Recife Dokmus op"]
[Site "Recife"]
[Date "2013.01.17"]
[Round "1"]
[White "Rosa, Jose Antonio"]
[Black "Alves, Sidney David"]
[Result "1-0"]
[WhiteElo "2058"]
[BlackElo "1501"]
[PlyCount "55"]
[EventDate "2013.01.17"]
[EventType "swiss"]
[EventRounds "7"]
[EventCountry "BRA"]
[SourceTitle "CBM 152 Extra"]
[Source "ChessBase"]
[SourceDate "2013.02.25"]
[SourceVersion "1"]
[SourceVersionDate "2013.02.25"]
[SourceQuality "1"]

1. e4 c6 2. Nc3 d5 3. Qf3 dxe4 4. Nxe4 e6 5. d4 Be7 6. Bd3 Nd7 7. Qg3 g6 8. h4 Ngf6 9. h5 Nxe4 10. Bxe4 Nf6 11. Bf3 Qxd4 12. c3 Qb6 13. hxg6 fxg6 14. Ne2 c5 15. a4 Qa6 16. Nf4 Bd6 17. Qg5 Be7 18. Nxg6 Rg8 19. Rxh7 Qd6 20. Bh5 Kd8 21. Rh8 Rxh8 22. Nxh8 Kd7 23. Nf7 Qc7 24. Ne5+ Kd8 25. Bf4 Qb6 26. 0-0-0+ Bd7 27. Nxd7 Nxd7 28. Qg8+ 1-0

[Event "Fortaleza Brazil op 2nd"]
[Site "Fortaleza"]
[Date "2012.04.06"]
[Round "2"]
[White "De Arruda, Filho Ivo Pereira"]
[Black "Alves, Sidney David"]
[Result "1-0"]
[WhiteElo "1923"]
[BlackElo "1512"]
[PlyCount "47"]
[EventDate "2012.04.05"]
[EventType "swiss"]
[EventRounds "7"]
[EventCountry "BRA"]
[SourceTitle "CBM 147 Extra"]
[Source "ChessBase"]
[SourceDate "2012.04.24"]
[SourceVersion "1"]
[SourceVersionDate "2012.04.24"]
[SourceQuality "1"]

1. Nf3 Nf6 2. d4 g6 3. Bf4 Bg7 4. e3 0-0 5. Bd3 d5 6. 0-0 Bg4 7. Nbd2 Nbd7 8. c4 c5 9. Qb3 b6 10. cxd5 Bxf3 11. Nxf3 Nh5 12. Be5 Nhf6 13. Bb5 Rc8 14. Ba6 Nxe5 15. dxe5 Rc7 16. exf6 Bxf6 17. e4 Bg7 18. e5 Kh8 19. Rfe1 f6 20. Rad1 Qd7 21. d6 c4 22. dxc7 cxb3 23. Rxd7 bxa2 24. Rd8 1-0

[Event "Santos Paulista-ch"]
[Site "Santos"]
[Date "2011.12.04"]
[Round "6"]
[White "Medeiros, Thauane Ferreira"]
[Black "Alves, Sidney David"]
[Result "1-0"]
[WhiteElo "1798"]
[BlackElo "1524"]
[PlyCount "75"]
[EventDate "2011.12.02"]
[EventType "swiss"]
[EventRounds "6"]
[EventCountry "BRA"]
[SourceTitle "CBM 146 Extra"]
[Source "ChessBase"]
[SourceDate "2012.02.29"]
[SourceVersion "1"]
[SourceVersionDate "2012.02.29"]
[SourceQuality "1"]

1. d4 Nf6 2. Bg5 Ne4 3. h4 Nxg5 4. hxg5 g6 5. e3 d5 6. Bd3 Bg7 7. f4 c5 8. c3 Qc7 9. Qf3 Qd6 10. Ne2 Bd7 11. Nd2 c4 12. Bc2 Nc6 13. e4 e6 14. e5 Qc7 15. 0-0-0 0-0-0 16. g4 h6 17. f5 Rdf8 18. f6 Bxf6 19. gxf6 g5 20. Rh3 b5 21. Rdh1 b4 22. Rxh6 Rxh6 23. Rxh6 Qa5 24. cxb4 Nxb4 25. Qa3 Qb6 26. Nf3 Kb7 27. Nxg5 Rc8 28. Nxf7 Nd3+ 29. Kb1 Ka8 30. Bxd3 cxd3 31. Qxd3 Rb8 32. Qb3 Bb5 33. Nc1 Qxd4 34. Rh8 Qe4+ 35. Qc2 Qb4 36. Rxb8+ Kxb8 37. Nd6 Bd7 38. Qb3 1-0

[Event "Cuiaba op"]
[Site "Cuiaba"]
[Date "2011.10.21"]
[Round "1"]
[White "Alves, Sidney David"]
[Black "Vescovi, Giovanni P"]
[Result "0-1"]
[WhiteElo "1534"]
[BlackElo "2634"]
[PlyCount "60"]
[EventDate "2011.10.21"]
[EventType "swiss"]
[EventRounds "6"]
[EventCountry "BRA"]
[SourceTitle "EXT 2013"]
[Source "ChessBase"]
[SourceDate "2012.11.22"]
[SourceVersion "1"]
[SourceVersionDate "2012.11.22"]
[SourceQuality "1"]

1. d4 Nf6 2. c4 g6 3. g3 Bg7 4. Bg2 d5 5. Nf3 0-0 6. 0-0 e6 7. cxd5 exd5 8. Nc3 c6 9. h3 Nbd7 10. Bf4 Re8 11. Re1 Nb6 12. Qc2 Bf5 13. Qb3 Ne4 14. Rac1 Qe7 15. e3 g5 16. g4 gxf4 17. gxf5 fxe3 18. fxe3 Nd6 19. Qc2 Nd7 20. Qd3 Qf6 21. Nd2 Qxf5 22. e4 Qg6 23. Rcd1 Nf6 24. Kh1 Rad8 25. Re3 dxe4 26. Ncxe4 Nfxe4 27. Nxe4 Nf5 28. Ree1 Nh4 29. Rd2 f5 30. Qb3+ Kh8 0-1

[Event "Pindamonhangaba op"]
[Site "Pindamonhangaba"]
[Date "2011.07.15"]
[Round "3"]
[White "Alves, Sidney David"]
[Black "Rodrigues, Regis Ramos"]
[Result "0-1"]
[WhiteElo "1538"]
[BlackElo "2050"]
[PlyCount "42"]
[EventDate "2011.07.15"]
[EventType "swiss"]
[EventRounds "5"]
[EventCountry "BRA"]
[SourceTitle "EXT 2014"]
[Source "ChessBase"]
[SourceDate "2013.11.20"]
[SourceVersion "1"]
[SourceVersionDate "2013.11.20"]
[SourceQuality "1"]

1. d4 Nf6 2. c4 g6 3. g3 Bg7 4. Bg2 0-0 5. Nc3 c5 6. d5 e6 7. Nf3 exd5 8. cxd5 d6 9. 0-0 Re8 10. h3 a6 11. a4 Nbd7 12. Nd2 Rb8 13. Nc4 Ne5 14. Na3 Qe7 15. Re1 Bf5 16. e4 Bc8 17. Kh2 Qc7 18. f4 Neg4+ 19. hxg4 Nxg4+ 20. Kg1 Bd4+ 21. Kf1 Nh2+ 0-1